000 00324nam a22001217a 4500
040 _cSY
082 _a623
100 _aឡោ លីតួ
245 _aយន្តកម្មសម្រាប់ការអភិវឌ្ឍន៍ធនធានទឹក
260 _aRUA
_bឡោ
_c2011
300 _a56p.
942 _cKB
999 _c9085
_d9085